Riconosci la Squadra di calcio - Quiz n°215 - Statistics

Statistiche generali
  • Questo quiz è stato fatto 8 volte
  • Il punteggio medio è 5 su 9
Statistiche sulle risposte
Indizio Risposta % Corretto
Colori sociali Bianco, nero, verde
100%
Titoli nazionali 15 Campionati israeliani
71%
Confederazione UEFA
71%
Fondazione 1913
57%
Trofei internazionali 0
43%
Capienza Stadio 30 858 posti
43%
Trofei nazionali 6 Coppe di Israele 5 Supercoppe d'Israele 5 Toto Cup
43%
Squadra Maccabi Haifa
43%
Divisione nazionale 2023-2024 Prima
43%
Nessun quiz corrispondente trovato
Distribuzione punteggi
Percentuale di utenti per punteggio
Percentile per numero di risposta
I tuoi punteggi nel tempo
Non hai fatto questo quiz